Biblioteca

Tecnicas de la motivacion Infantil / Samira Thoumi (Registro nro. 48385)

Detalles MARC
000 -LÍDER
Campo fijo de descripción fija 005310000a22002050004500
001 - NÚMERO DE CONTROL
Campo de control 1211
003 - IDENTIFICADOR DEL NÚMERO DE CONTROL
Campo de control CO-MdFUSB
005 - FECHA Y HORA DE LA ULTIMA TRANSACCIÓN
control field 20180503150957.0
008 - ELEMENTOS DE LONGITUD FIJA -- INFORMACIÓN GENERAL
Campo fijo de descripción fija -- Información general 171120b xxu||||| |||| 00| 0 eng d
040 ## - FUENTE DE CATALOGACIÓN
Agencia que realiza la transcripción CO-MdBIC
082 04 - NÚMERO DE CLASIFICACIÓN DECIMAL DEWEY
Número de clasificación 152 T39mi1
100 1# - ASIENTO PRINCIPAL--NOMBRE PERSONAL
Nombre personal Thoumi, Samira
245 10 - TÍTULO
Título del Material Tecnicas de la motivacion Infantil / Samira Thoumi
260 ## - PUBLICACIÓN, DISTRIBUCIÓN, ETC. (PIE DE IMPRENTA)
Lugar de publicación, distribución, etc. Colombia : Prolibros
300 ## - DESCRIPCIÓN FÍSICA
Extensión 120 P.
500 ## - NOTA GENERAL
Nota General Tomo 1
505 00 - NOTA DE CONTENIDO
Nota de contenido con formato preestablecido Motivacion desde la gestacion hasta los dos años
650 14 - ASIENTO SECUNDARIO DE MATERIA - TERMINO TEMÁTICO
Término temático o nombre geográfico como elemento de entrada Literatura Infantil
942 ## - TIPO DE MATERIAL (KOHA)
Tipo de Item KOHA Z- Libro General BINCO
Existencias
Estado de Material Estado de Perdido Forma de Clasificación Volumen-Parte/Tomo Estado de Dañado No para Préstamo Colección Tomo Biblioteca de Origen Biblioteca Permanente Fecha de Adquisición Total de Préstamos Signatura Topográfica Código de Barras Última vez visto Última vez Préstado Ejemplar/Existencia Fecha de Remplazo Tipo de Material
    Dewey Decimal Classification       Colección de Referencia   Biblioteca Infantil Comunitaria BINCO Biblioteca Infantil Comunitaria BINCO 06/08/2007 1 152 T39mi1 B31545 30/08/2017 15/08/2017 1 26/01/2016 Z- Libros de Referencia BINCO

Biblioteca FUSBC | Teléfono: (57+4) 349 88 10 Ext. 141| WhatsApp (+57) 3005338115 
E-mail: biblioteca@unisbc.edu.co | Calle 76 87-14 Robledo Palenque, Medellín, Colombia

Con tecnología Koha